Tô Hoài: Đời văn và tác phẩm /

Tô Hoài - văn và đời; Trên hành trình sáu mươi năm; Viết cho thiếu nhi; Tô Hoài : Chuyện nghề.

Saved in:
Bibliographic Details
Format: Book
Language:Vietnamese
Published: Hà Nội : Văn học, 2007.
Subjects:
Tags: Add Tag
No Tags, Be the first to tag this record!
Institutions: Mạng thư viện Đại học Đà Nẵng
LEADER 01288nam a22003611a 4500
001 000039284
003 15579
005 20210429091617.0
008 160412s2007 000
020 |c 35000 
040 |a Lnn  |c Lnn  |d Lnn 
041 0 |a vie 
082 1 4 |a 895.92334  |b HA-Đ 
245 0 |a Tô Hoài: Đời văn và tác phẩm /  |c Hà Minh Đức. 
260 |a Hà Nội :  |b Văn học,  |c 2007. 
300 |a 261tr. :  |b port. ;  |c 19cm. 
520 3 |a Tô Hoài - văn và đời; Trên hành trình sáu mươi năm; Viết cho thiếu nhi; Tô Hoài : Chuyện nghề. 
600 1 4 |a Tô Hoài,  |d 1920-. 
600 1 4 |a Tô Hoài,  |d 1920-  |x Tác gia và tác phẩm. 
630 0 4 |a Văn học. 
630 0 4 |a Văn học Việt Nam hiện đại. 
630 0 4 |a Tô Hoài. 
650 0 4 |a Nhà văn  |z Việt Nam  |y Thế kỷ XX. 
650 0 4 |a Tô Hoài,  |d 1920-. 
OWN |a LNN 
902 1 |a TKV 
AVA |a UDN50  |b LNN  |d 895.92334 HA-Đ  |e available  |t Error 5001 Not defined in file expand_doc_bib_avail.  |f 4  |g 0  |h N  |i 1 
999 |a From the UDN01 
AVA |a UDN50  |b LNN  |d 895.92334 HA-Đ  |e available  |t Error 5001 Not defined in file expand_doc_bib_avail.  |f 4  |g 0  |h N  |i 1 
TYP |a Monograph 
980 |a Mạng thư viện Đại học Đà Nẵng